000 00659nam a2200229 a 4500
999 _c867
_d867
001 867
003 BD-JhCC
005 20171010202915.0
008 171010s2001 b ||||| |||| 00| 0 ben d
020 _a984410047x
035 _a(BD-JhCC)867
040 _aBD-JhCC
_dBD-JhCC
041 _aeng
082 _222
_a891.443
_bKUN 2001
100 _aকুণ্ডেরা ,মিলান
245 _aঠাট্টা /
_cমিলান কুণ্ডেরা ,
260 _aঢাকা ,
_bমাওলা ব্রাদার্স ,
_c২০০১
300 _a215p. ;
_c22cm.
650 _aBangali Novel
942 _2ddc
_cBK